000 00267nam a2200109Ia 4500
005 20251222143251.0
008 251222s9999||||xx |||||||||||||| ||spa||
082 _a869.57/C75K
100 _a"Colchado Lucio, Oscar"
245 0 _aKuya kuyaCordillera negra
942 _cLIB
999 _c14963
_d14963